Особенности выполнения анализа газа станцией "Сириус-2" при бурении лёгкими бурильными трубами; Проблемы геологии и освоения недр

Λεπτομέρειες βιβλιογραφικής εγγραφής
Parent link:Проблемы геологии и освоения недр.— 2005.— [С. 317]
Κύριος συγγραφέας: Гладков Е. А.
Άλλοι συγγραφείς: Гладкова Е. Е.
Περίληψη:Заглавие с титульного листа
Электронная версия печатной публикации
Γλώσσα:Ρωσικά
Έκδοση: 2005
Θέματα:
Διαθέσιμο Online:http://www.lib.tpu.ru/fulltext/v/Conferences/2005/K01/065.pdf
Μορφή: MixedMaterials Ηλεκτρονική πηγή Κεφάλαιο βιβλίου
KOHA link:https://koha.lib.tpu.ru/cgi-bin/koha/opac-detail.pl?biblionumber=124275

MARC

LEADER 00000naa2a2200000 4500
001 124275
005 20251202162530.0
035 |a (RuTPU)RU\TPU\book\134504 
090 |a 124275 
100 |a 20071030d2005 k y0rusy50 ca 
101 0 |a rus 
102 |a RU 
135 |a drnn ---uucaa 
181 0 |a i  
182 0 |a b 
200 1 |a Особенности выполнения анализа газа станцией "Сириус-2" при бурении лёгкими бурильными трубами  |f Е. А. Гладков, Е. Е. Гладкова 
203 |a Текст  |c электронный 
215 |a 1 файл (528 Кб) 
300 |a Заглавие с титульного листа 
300 |a Электронная версия печатной публикации 
337 |a Adobe Reader 
463 0 |0 (RuTPU)RU\TPU\book\111467  |y 5-89503-079-3  |t Проблемы геологии и освоения недр  |o труды Девятого международного симпозиума им. М. А. Усова, 2005 г. Томск  |f Томский политехнический университет; Проблемы геологии и освоения недр; под ред. Г. М. Ивановой, А. В. Шадриной  |v [С. 317]  |d 2005 
610 1 |a бурение 
610 1 |a газы 
610 1 |a Сириус-2 
610 1 |a бурильные трубы 
610 1 |a геолого-технологический контроль 
610 1 |a буровые растворы 
610 1 |a электронный ресурс 
610 1 |a труды учёных ТПУ 
700 1 |a Гладков  |b Е. А. 
701 1 |a Гладкова  |b Е. Е. 
801 1 |a RU  |b 63413507  |c 20071030  |g PSBO 
801 2 |a RU  |b 63413507  |c 20130719  |g RCR 
856 4 |u http://www.lib.tpu.ru/fulltext/v/Conferences/2005/K01/065.pdf 
942 |c CF